doQ.mentos del anteayer.
Saved in:
| 主要作者: | |
|---|---|
| 格式: | 未知 |
| 出版: |
Santiago, Chile:
Alquimia Ediciones,
2021.
|
| 主題: | |
| 標簽: |
添加標簽
沒有標簽, 成為第一個標記此記錄!
|
MARC
| LEADER | 00000 a2200000 4500 | ||
|---|---|---|---|
| 003 | CL-VaPUC | ||
| 005 | 20230807095528.0 | ||
| 008 | 230801t2021 ||||| |||| 00| 0 eng d | ||
| 999 | |c 441452 |d 441450 | ||
| 020 | |a 978-956-9974-88-5 | ||
| 040 | |c Pontificia Universidad Católica de Valparaíso | ||
| 082 | 7 | |a Ch861 LIR 2021 |2 22 | |
| 100 | |a Lira Canguilhem, Rodrigo |9 558426 |d 1949-1981 |e autor | ||
| 245 | |a doQ.mentos del anteayer. | ||
| 260 | |a Santiago, Chile: |b Alquimia Ediciones, |c 2021. | ||
| 300 | |a 111 páginas; |b ilustraciones. | ||
| 583 | |k GC |c 20230801 | ||
| 650 | 0 | |a Poesía chilena |9 268403 | |
| 650 | 0 | |a Literatura chilena |9 308278 |x Cuentos | |
| 942 | |2 ddc |c BK | ||
| 952 | |0 0 |1 0 |2 ddc |4 0 |6 CH_861_000000000000000_LIR_2021 |7 0 |8 A |9 591032 |a BIBEDU |b BIBEDU |c GEN |d 2023-07-28 |e 3 |g 8303.50 |i 5658219 |o Ch861 LIR 2021 |p 5658219 |r 2023-07-28 |t 1 |v 8303.50 |w 2023-07-28 |y BK |k LIT | ||
| 952 | |0 0 |1 0 |2 ddc |4 0 |6 CH_861_000000000000000_LIR_2021 |7 0 |8 A |9 591033 |a BIBEDU |b BIBEDU |c GEN |d 2023-07-28 |e 3 |g 8303.50 |i 5658220 |l 1 |o Ch861 LIR 2021 |p 5658220 |r 2023-11-07 |s 2023-10-30 |t 2 |v 8303.50 |w 2023-07-28 |y BK |k LIT | ||